[Event "Challenge"]
[Site "http://www.queenalice.com/game.php?id=459961"]
[Date "2008.9.7"]
[Round "-"]
[White "bruno_borges"]
[Black "Quylthulg"]
[Result "0-1"]
[WhiteElo "1940"]
[BlackElo "2049"]

1. e4 b6 2. d4 Bb7 3. Nc3 e6 4. a3 c5 5. Nf3 cxd4 6. Nxd4 Nc6 7. Be3 Nf6 8. Be2
Nxd4 9. Qxd4 Bc5 10. Qd3 Bxe3 11. Qxe3 O-O 12. O-O-O Rc8 13. e5 Nd5 14. Nxd5
Bxd5 15. Ba6 Rc5 16. Rhg1 Qc7 17. c3 b5 18. h4 Rb8 19. h5 Rb6 0-1

[Event "Challenge"]
[Site "http://www.queenalice.com/game.php?id=459962"]
[Date "2008.9.7"]
[Round "-"]
[White "Quylthulg"]
[Black "bruno_borges"]
[Result "1/2-1/2"]
[WhiteElo "2069"]
[BlackElo "1974"]

1. b3 d5 2. Bb2 Nf6 3. e3 g6 4. f4 Bg7 5. Nf3 O-O 6. a4 c6 7. Be2 Bf5 8. O-O c5
9. Na3 Nc6 10. Qe1 Nb4 11. d3 Qd6 12. Nb5 Qc6 13. Ne5 Qc8 14. Qd2 a6 15. Na3 Ng4
16. c3 Nxe5 17. cxb4 cxb4 18. fxe5 bxa3 19. Rxa3 Qd7 20. Raa1 Rac8 21. Rac1 Bg4
22. Bf3 1/2-1/2

[Event "positionalgenius"]
[Site "http://www.queenalice.com/game.php?id=461217"]
[Date "2008.9.10"]
[Round "2"]
[White "Quylthulg"]
[Black "fictionist"]
[Result "1-0"]
[WhiteElo "2063"]
[BlackElo "1791"]

1. b3 g6 2. Bb2 Nf6 3. Bxf6 exf6 4. c4 Bg7 5. Nc3 O-O 6. g3 b6 7. Bg2 c6 8. Nf3
Bb7 9. O-O Re8 10. b4 Qe7 11. Qb3 Na6 12. a3 f5 13. Rad1 Rad8 14. d4 c5 15. bxc5
Bxf3 16. Bxf3 bxc5 17. Qb7 1-0

[Event "Challenge"]
[Site "http://www.queenalice.com/game.php?id=462646"]
[Date "2008.9.13"]
[Round "-"]
[White "Claudemir"]
[Black "Quylthulg"]
[Result "0-1"]
[WhiteElo "2070"]
[BlackElo "2073"]

1. d4 b6 2. c4 Bb7 3. Nc3 e6 4. e4 Bb4 5. Bd3 f5 6. Qe2 Nf6 7. Bg5 h6 8. Bxf6
Qxf6 9. e5 Qg6 10. f3 Nc6 11. Qf2 Nxd4 12. O-O-O Bxc3 13. bxc3 Nc6 14. f4 Nxe5
15. Nf3 Nxd3+ 16. Rxd3 O-O-O 17. Rhd1 Qf6 18. Ne5 d6 19. Nf3 Be4 20. Re3 g5 21.
fxg5 hxg5 22. Nd4 Qe5 23. Nc6 Qf4 24. Qxf4 gxf4 25. Rxe4 fxe4 26. Nxd8 Kxd8 27.
h3 e5 0-1

[Event "Challenge"]
[Site "http://www.queenalice.com/game.php?id=487076"]
[Date "2008.11.2"]
[Round "-"]
[White "Quylthulg"]
[Black "KLEOJ"]
[Result "1-0"]
[WhiteElo "2129"]
[BlackElo "2129"]

1. b3 Nf6 2. Bb2 d5 3. e3 g6 4. f4 Bg7 5. Nf3 O-O 6. Be2 c5 7. O-O Nc6 8. a4 e5
9. Nxe5 Bf5 10. Nxc6 bxc6 11. Na3 Re8 12. Bd3 Be4 13. Bxe4 Rxe4 14. Qf3 Qe7 15.
Rae1 Re8 16. Re2 c4 17. bxc4 Qb4 18. Rb1 Qxa4 19. d3 R4e6 20. Ra1 Qb4 21. Bd4 c5
22. cxd5 Rd6 23. c3 Qb3 24. Nc4 Rdd8 25. Rb2 Qxb2 26. Nxb2 cxd4 27. e4 dxc3 28.
Nc4 Rb8 29. Rc1 Rb3 30. e5 Nd7 31. d4 Rc8 32. Rxc3 Rxc3 33. Qxc3 Nb6 34. d6 Kf8
35. Qa3 Ke8 36. Nxb6 axb6 37. Qa7 1-0

[Event "Challenge"]
[Site "http://www.queenalice.com/game.php?id=490891"]
[Date "2008.11.9"]
[Round "-"]
[White "ZUMBI"]
[Black "Quylthulg"]
[Result "0-1"]
[WhiteElo "1869"]
[BlackElo "2115"]

1. e4 b6 2. g3 Bb7 3. Bg2 e6 4. Nf3 Bxe4 5. O-O Nf6 6. Nc3 Bb7 7. d4 Bb4 8. Nb5
a6 9. Nc3 Bxc3 10. bxc3 O-O 11. Bg5 d6 12. c4 Nbd7 13. a4 Rc8 14. a5 bxa5 15.
Rxa5 c5 16. c3 Qxa5 17. Qd2 cxd4 18. Qxd4 Bxf3 19. Bxf3 Qxg5 20. Bb7 Qh5 21.
Bxc8 Ne5 22. Bb7 Nfg4 23. h4 g5 24. f3 Nh6 25. Qxd6 gxh4 26. gxh4 Ng6 27. c5
Qxh4 28. c6 Nf4 29. c7 Qg3+ 0-1

[Event "Challenge"]
[Site "http://www.queenalice.com/game.php?id=490892"]
[Date "2008.11.9"]
[Round "-"]
[White "Quylthulg"]
[Black "ZUMBI"]
[Result "1-0"]
[WhiteElo "2122"]
[BlackElo "1889"]

1. b3 d5 2. Bb2 Nc6 3. e3 e5 4. Bb5 Nf6 5. Bxc6+ bxc6 6. Bxe5 Bd6 7. Nf3 O-O 8.
O-O Bc5 9. d4 Bb4 10. a3 Ba5 11. b4 Bb6 12. Nbd2 Bg4 13. h3 Bxf3 14. Qxf3 a5 15.
c4 h6 16. c5 Ba7 17. Bxf6 gxf6 18. Qh5 Kh7 19. Nf3 Rg8 20. Nh4 Rg5 21. Qxf7+ Rg7
22. Qe6 Bb8 23. Nf5 Rg5 24. Qf7+ Kh8 25. Ne7 Ba7 26. Qxf6+ Rg7 27. Qxh6+ Rh7 28.
Qf6+ Rg7 29. Ng6+ Kg8 30. Qxd8+ Rxd8 31. Nf4 Rg5 32. Ne6 Rxg2+ 33. Kxg2 Re8 34.
Nf4 axb4 35. axb4 Re7 36. Kf3 Rh7 37. Rg1+ Kh8 38. Rg3 Rh6 39. Rag1 Kh7 40. Rg7+
Kh8 41. Rg8+ Kh7 42. R1g7# 1-0

[Event "positionalgenius"]
[Site "http://www.queenalice.com/game.php?id=508628"]
[Date "2008.12.16"]
[Round "3"]
[White "arsen387"]
[Black "Quylthulg"]
[Result "0-1"]
[WhiteElo "2100"]
[BlackElo "2141"]

1. g3 d5 2. Bg2 c5 3. d3 Nf6 4. Nf3 Nc6 5. O-O e5 6. Nbd2 Be7 7. e4 d4 8. Nc4
Qc7 9. a4 O-O 10. b3 Bg4 11. h3 Be6 12. Ng5 Bxc4 13. bxc4 Nd7 14. Nf3 Rae8 15.
Nd2 Bd6 16. Nf3 Kh8 17. Nd2 g6 18. Nb3 f5 19. Bh6 Rg8 20. exf5 gxf5 21. Bd5 Rg6
22. Bf7 Rxh6 23. Bxe8 Nf6 24. Bxc6 Qxc6 25. h4 Rg6 26. Na5 Qc7 27. Qe1 e4 28.
Kh1 e3 29. fxe3 Bxg3 30. Qd2 Rg4 0-1

[Event "Challenge"]
[Site "http://www.queenalice.com/game.php?id=511637"]
[Date "2008.12.23"]
[Round "-"]
[White "bruno_borges"]
[Black "Quylthulg"]
[Result "0-1"]
[WhiteElo "2026"]
[BlackElo "2099"]

1. e4 b6 2. d4 Bb7 3. Nc3 e6 4. Bd3 Bb4 5. Bd2 f5 6. exf5 Bxg2 7. Qh5+ Kf8 8.
fxe6 Qe8 9. Qf5+ Nf6 10. Be4 dxe6 11. Qf4 Bxh1 12. Bxh1 c6 13. Ne4 Bxd2+ 14.
Kxd2 Nd7 15. Nd6 Qe7 16. Bxc6 Rd8 17. Re1 e5 18. dxe5 Nxe5 0-1

[Event "Challenge"]
[Site "http://www.queenalice.com/game.php?id=511638"]
[Date "2008.12.23"]
[Round "-"]
[White "Quylthulg"]
[Black "bruno_borges"]
[Result "1/2-1/2"]
[WhiteElo "2146"]
[BlackElo "2042"]

1. b3 f5 2. Bb2 e6 3. e3 Nf6 4. f4 Be7 5. Nf3 Nc6 6. Be2 b6 7. O-O O-O 8. a4 Bb7
9. Na3 Nd5 10. Kh1 Bf6 11. Nc4 Bxb2 12. Nxb2 Nce7 13. Nc4 Ng6 14. a5 Nh4 15. Qe1
Nxf3 16. Bxf3 Qc8 17. Qh4 Nb4 18. c3 Nd3 19. b4 b5 20. Na3 a6 21. Nc2 e5 22. Be2
e4 23. Ne1 Nb2 24. Rb1 Nc4 25. Bxc4+ 1/2-1/2

[Event "Challenge"]
[Site "http://www.queenalice.com/game.php?id=550105"]
[Date "2009.3.4"]
[Round "-"]
[White "Gorgona"]
[Black "Quylthulg"]
[Result "0-1"]
[WhiteElo "1794"]
[BlackElo "2156"]

1. e4 b6 2. d4 Bb7 3. Nc3 e6 4. Nf3 Bb4 5. Bd3 Nf6 6. Bd2 Bxc3 7. Bxc3 Nxe4 8.
Bb4 a5 9. Ba3 d6 10. Qe2 Nf6 11. O-O O-O 12. Rfe1 Re8 13. h3 c5 14. dxc5 bxc5
15. Rad1 Qb6 16. b3 a4 17. Bb2 Nbd7 18. Bb5 axb3 19. Bxf6 bxc2 20. Rc1 Bxf3 21.
Qxf3 Qxb5 22. Bxg7 Kxg7 23. Rxc2 Ne5 24. Qg3+ Kh8 25. Rce2 Rg8 26. Qc3 Qb4 27.
Qa1 Qd4 0-1

[Event "Challenge"]
[Site "http://www.queenalice.com/game.php?id=550106"]
[Date "2009.3.4"]
[Round "-"]
[White "Quylthulg"]
[Black "Gorgona"]
[Result "1-0"]
[WhiteElo "2152"]
[BlackElo "1858"]

1. b3 d5 2. Bb2 Nf6 3. e3 c5 4. f4 e6 5. Nf3 Be7 6. a4 a5 7. Bb5+ Bd7 8. O-O
Bxb5 9. axb5 O-O 10. d3 Qb6 11. c4 Nbd7 12. Kh1 Ng4 13. Qe2 Bf6 14. Nc3 Bxc3 15.
Bxc3 Qd8 16. h3 Ngf6 17. g4 h6 18. Rg1 Nh7 19. g5 hxg5 20. Nxg5 Nxg5 21. Rxg5 f6
22. Rg6 Kf7 23. Qh5 Rg8 24. Rxf6+ Ke7 25. Rf7+ 1-0

[Event "Challenge"]
[Site "http://www.queenalice.com/game.php?id=557974"]
[Date "2009.3.18"]
[Round "-"]
[White "Quylthulg"]
[Black "francky78"]
[Result "1-0"]
[WhiteElo "2155"]
[BlackElo "1510"]

1. b3 b6 2. Bb2 Bb7 3. e3 d5 4. f4 Nd7 5. Nf3 Ngf6 6. Be2 e6 7. O-O Be7 8. a4
O-O 9. a5 c5 10. Na3 Bc6 11. Ne5 Nxe5 12. fxe5 Ne8 13. Bg4 g6 14. Qe2 Ng7 15.
Rf2 Qd7 16. c4 d4 17. exd4 f5 18. exf6 Bxf6 19. Rxf6 Rxf6 20. d5 Bxd5 21. Bxf6
Bxc4 22. Qxc4 Nf5 23. Re1 Re8 24. Bxf5 gxf5 25. Qf4 Qf7 26. Re3 Qxf6 27. Nc4 Kf7
28. Ne5+ Kg8 29. h4 Re7 30. Rg3+ Kf8 31. a6 Rg7 32. Rd3 Kg8 33. Nc6 Rf7 34. Qb8+
Rf8 35. Rg3+ Kh8 36. Qe5 Qxe5 37. Nxe5 f4 38. Rg4 Rf6 39. h5 Rf5 40. Rg5 Rf6 41.
h6 Rf5 42. Rxf5 exf5 43. Nc6 1-0

[Event "Challenge #1"]
[Site "http://www.queenalice.com/game.php?id=619395"]
[Date "2009.7.15"]
[Round "-"]
[White "Aylton"]
[Black "Quylthulg"]
[Result "0-1"]
[WhiteElo "1999"]
[BlackElo "2140"]

1. d4 b6 2. Nf3 Bb7 3. e3 e6 4. c4 f5 5. Nc3 Bb4 6. Bd2 Nf6 7. a3 Bxc3 8. Bxc3
Ne4 9. Rc1 O-O 10. Be2 d6 11. O-O Nd7 12. h3 Ndf6 13. b4 Nxc3 14. Rxc3 a5 15.
Qb3 Qe7 16. b5 Ne4 17. Rc2 Kh8 18. a4 f4 19. exf4 Rxf4 20. g3 Rf7 21. Kh2 Raf8
22. Qe3 Rf6 23. Bd1 e5 24. d5 Nc5 25. Ra2 Bc8 26. Nd2 Rh6 27. g4 Rf4 28. Qg3 g5
29. f3 Bd7 30. Kg2 Be8 31. Bc2 Bg6 32. Bxg6 Rxg6 33. Rh1 Rd4 34. Qf2 Qf8 35. h4
gxh4 36. Qxh4 Qg8 37. Kf1 Rf4 38. Ke2 e4 39. fxe4 Rgxg4 40. Qh6 Nxe4 41. Kd1
Nf2+ 42. Kc1 Nxh1 43. Qxh1 Rg1+ 0-1

[Event "Challenge #2"]
[Site "http://www.queenalice.com/game.php?id=619396"]
[Date "2009.7.15"]
[Round "-"]
[White "Quylthulg"]
[Black "Aylton"]
[Result "0-1"]
[WhiteElo "2157"]
[BlackElo "2003"]

1. b3 e5 2. Bb2 Nc6 3. e3 d6 4. Bb5 Bd7 5. Nf3 f5 6. O-O Nf6 7. d4 e4 8. Nfd2 a6
9. Be2 Be7 10. c4 O-O 11. Nc3 g6 12. f3 exf3 13. Bxf3 Qe8 14. a3 Rb8 15. Qc2 b5
16. Nd5 Bd8 17. Rae1 Nxd5 18. Bxd5+ Rf7 19. e4 Ne7 20. Bxf7+ Qxf7 21. b4 bxc4
22. Nxc4 Bb5 23. d5 h6 24. Qc3 Qh7 25. exf5 Nxf5 26. Re6 Bd7 27. g4 Bxe6 28.
dxe6 Rb5 0-1

[Event "Challenge"]
[Site "http://www.queenalice.com/game.php?id=623511"]
[Date "2009.7.23"]
[Round "-"]
[White "francky78"]
[Black "Quylthulg"]
[Result "0-1"]
[WhiteElo "1770"]
[BlackElo "2178"]

1. e4 b6 2. d4 Bb7 3. Nc3 e6 4. Nf3 Bb4 5. Bd2 Bxc3 6. Bxc3 Bxe4 7. Be2 Nf6 8.
O-O O-O 9. Ne1 d6 10. f3 Bb7 11. Nd3 c5 12. dxc5 bxc5 13. b3 Nc6 14. Qe1 Nd4 15.
Bxd4 cxd4 16. c4 dxc3 17. Qxc3 Qb6+ 18. Kh1 Rfc8 19. Qd2 Rc7 20. Rac1 Rac8 21.
Rxc7 Rxc7 22. Bd1 Nd5 23. Re1 Qd4 24. Bc2 h6 25. Qf2 Qxf2 26. Nxf2 Rxc2 27. Ne4
Nf4 28. Nxd6 Nxg2 29. Ra1 Bxf3 30. Kg1 Ne3 0-1

[Event "Challenge #3"]
[Site "http://www.queenalice.com/game.php?id=643557"]
[Date "2009.8.28"]
[Round "-"]
[White "Aylton"]
[Black "Quylthulg"]
[Result "0-1"]
[WhiteElo "1999"]
[BlackElo "2148"]

1. d4 b6 2. e4 Bb7 3. f3 e6 4. c4 f5 5. Nc3 Bb4 6. exf5 Nh6 7. Bxh6 Qh4+ 8. g3
Qxh6 9. fxe6 Qe3+ 10. Ne2 Bxf3 11. exd7+ Kd8 12. Bh3 Bxh1 13. a3 Bxc3+ 14. bxc3
Bf3 15. Qd2 Qxd2+ 16. Kxd2 Bxe2 17. Kxe2 Nxd7 18. Rf1 Nf6 0-1

[Event "Challenge #4"]
[Site "http://www.queenalice.com/game.php?id=643558"]
[Date "2009.8.28"]
[Round "-"]
[White "Quylthulg"]
[Black "Aylton"]
[Result "1-0"]
[WhiteElo "2156"]
[BlackElo "1960"]

1. b3 d5 2. Bb2 e6 3. e3 Nf6 4. f4 c5 5. Nf3 Nc6 6. Bb5 Bd7 7. a4 a6 8. Bxc6
Bxc6 9. Ne5 Qc7 10. O-O Be7 11. d3 O-O 12. Nd2 b5 13. Nxc6 Qxc6 14. Nf3 h6 15.
Ne5 Qc7 16. Ng4 Nxg4 17. Qxg4 g5 18. fxg5 hxg5 19. Rf6 Bxf6 20. Bxf6 Rfc8 21.
Qh5 1-0

[Event "Challenge #05"]
[Site "http://www.queenalice.com/game.php?id=658776"]
[Date "2009.9.27"]
[Round "-"]
[White "Aylton"]
[Black "Quylthulg"]
[Result "0-1"]
[WhiteElo "2007"]
[BlackElo "2162"]

1. f4 b6 2. Nf3 Bb7 3. e3 e6 4. Be2 f5 5. O-O Nf6 6. d3 Be7 7. h3 O-O 8. Nc3 d6
9. a3 a5 10. Qe1 Qe8 11. Kh2 Nbd7 12. Bd1 Kh8 13. e4 fxe4 14. dxe4 Nc5 15. e5
Nd5 16. Nxd5 Bxd5 17. exd6 Bxd6 18. g3 Ne4 19. b3 e5 20. fxe5 Bxe5 21. Nxe5 Rxf1
22. Qxf1 Qxe5 0-1

[Event "Challenge #06"]
[Site "http://www.queenalice.com/game.php?id=658777"]
[Date "2009.9.27"]
[Round "-"]
[White "Quylthulg"]
[Black "Aylton"]
[Result "1-0"]
[WhiteElo "2169"]
[BlackElo "2070"]

1. b3 d5 2. Bb2 e6 3. e3 c5 4. f4 Nc6 5. Nf3 Nf6 6. Bb5 Bd7 7. a4 a6 8. Bxc6
Bxc6 9. Ne5 Rc8 10. O-O Bd6 11. d3 O-O 12. Nd2 b5 13. Nxc6 Rxc6 14. c4 dxc4 15.
Qf3 Rb6 16. axb5 axb5 17. bxc4 b4 18. Nb3 Qc7 19. Ra5 Rc8 20. Bxf6 gxf6 21. f5
e5 22. Qh5 Kh8 23. Rf3 Rg8 24. Ra8 Rxa8 25. Rh3 Kg8 26. Qxh7+ Kf8 27. Qh8+ Ke7
28. Qxa8 Rb8 29. Qd5 Qb7 30. Qxb7+ Rxb7 31. Rf3 Ra7 32. Rf2 Ra3 33. Rb2 Kf8 34.
Kf2 Kg7 35. Kf3 Kh6 36. g4 Kg5 37. h4+ Kxh4 38. Rh2+ 1-0